Rating appeals (Record no. 109922)

MARC details
000 -LEADER
fixed length control field 01699cam a22003255a 4500
001 - CONTROL NUMBER
control field E148163
008 - FIXED-LENGTH DATA ELEMENTS--GENERAL INFORMATION
fixed length control field 090810s2009 xxk f 000 0 eng d
020 ## - INTERNATIONAL STANDARD BOOK NUMBER
International Standard Book Number 9781842194881
035 ## - SYSTEM CONTROL NUMBER
System control number (Sirsi) u148163
041 0# - LANGUAGE CODE
Language code of text/sound track or separate title eng
050 04 - LIBRARY OF CONGRESS CALL NUMBER
Classification number 336.21 $2 18
110 2# - MAIN ENTRY--CORPORATE NAME
Corporate name or jurisdiction name as entry element Royal Institution of Chartered Surveyors
9 (RLIN) 4900
245 00 - TITLE STATEMENT
Title Rating appeals
Remainder of title RICS guidance note
Medium [electronic resource]
250 ## - EDITION STATEMENT
Edition statement 3rd ed.
260 ## - PUBLICATION, DISTRIBUTION, ETC.
Place of publication, distribution, etc. Coventry
Name of publisher, distributor, etc. RICS
Date of publication, distribution, etc. 2009
300 ## - PHYSICAL DESCRIPTION
Extent iv, 30p.
Dimensions 30cm.
350 ## - PRICE (NR) (BK AM CF MU VM SE) [OBSOLETE]
Price 25
490 #0 - SERIES STATEMENT
Series statement RICS Guidance Note
505 2# - FORMATTED CONTENTS NOTE
Formatted contents note Introduction -- Part 1: how to make an appeal -- Part 2: appearing at valuation tribunals -- Appendices
520 ## - SUMMARY, ETC.
Summary, etc. OUT OF DATE - superseded by 4th edition - April 2017.
520 ## - SUMMARY, ETC.
Summary, etc. Offers guidance to surveyors involved in proposals to alter the rating assessment of a client's property. Takes the surveyor through every stage of an appeal, including: how and when to make a proposal; the grounds for making a proposal; what to do if there is no agreement; Valuation Tribunal procedures; pre-hearing preparations; and the stages involved in the hearing. Explains the surveyor's dual role as advocate and expert witness, and gives practical advice on the information and documentation required.
520 ## - SUMMARY, ETC.
Summary, etc. Supersedes second edition (ISBN 1842190644). Effective from 15th August 2009.
521 ## - TARGET AUDIENCE NOTE
Target audience note Advanced
590 ## - LOCAL NOTE (RLIN)
Local note KA NTK
651 #4 - SUBJECT ADDED ENTRY--GEOGRAPHIC NAME
Geographic name England
Chronological subdivision 886-
690 ## - LOCAL SUBJECT ADDED ENTRY--TOPICAL TERM (OCLC, RLIN)
Topical term or geographic name as entry element PROPERTY-COMMERCIAL PROPERTY-COMMERCIAL PROPERTY TAXATION-BUSINESS RATES
856 41 - ELECTRONIC LOCATION AND ACCESS
Uniform Resource Identifier <a href="https://www.rics.org/Global/Downloads/Ratingappeals3rdedition_July09.pdf">https://www.rics.org/Global/Downloads/Ratingappeals3rdedition_July09.pdf</a>
Public note View this item free of charge (members-only content) at www.rics.org
942 ## - ADDED ENTRY ELEMENTS (KOHA)
Suppress in OPAC 0
Holdings
Withdrawn status Lost status Source of classification or shelving scheme Damaged status Not for loan Home library Current library Shelving location Date acquired Total Checkouts Full call number Barcode Date last seen Copy number Price effective from Koha item type
    Dewey Decimal Classification     London London RICS Boxes 13/08/2009   RICS 2009/25 30077147 06/08/2019 1 06/08/2019 Archive
    Dewey Decimal Classification     London London RICS Boxes 04/04/2014   RICS 2009/25 30077150 06/08/2019 2 06/08/2019 Book
    Dewey Decimal Classification     London London RICS Boxes 04/04/2014   RICS 2009/25 30077149 06/08/2019 3 06/08/2019 Book